<?xml version="1.0" encoding="UTF-8"?>
<record
    xmlns:xsi="http://www.w3.org/2001/XMLSchema-instance"
    xsi:schemaLocation="http://www.loc.gov/MARC21/slim http://www.loc.gov/standards/marcxml/schema/MARC21slim.xsd"
    xmlns="http://www.loc.gov/MARC21/slim">

  <leader>00864nam a22002297a 4500</leader>
  <controlfield tag="008">240625b        mp ||||| |||| 00| 0 mon d</controlfield>
  <datafield tag="020" ind1=" " ind2=" ">
    <subfield code="a">978-99973-1-112-2</subfield>
  </datafield>
  <datafield tag="035" ind1=" " ind2=" ">
    <subfield code="a">21163</subfield>
  </datafield>
  <datafield tag="040" ind1=" " ind2=" ">
    <subfield code="a">GA0182080</subfield>
    <subfield code="b">mon</subfield>
    <subfield code="c">MN-UlNLM</subfield>
    <subfield code="d">MN-UlNLM</subfield>
    <subfield code="e">rda</subfield>
  </datafield>
  <datafield tag="041" ind1=" " ind2=" ">
    <subfield code="a">mon</subfield>
  </datafield>
  <datafield tag="042" ind1=" " ind2=" ">
    <subfield code="a">95265</subfield>
  </datafield>
  <datafield tag="084" ind1=" " ind2=" ">
    <subfield code="2">NNA</subfield>
    <subfield code="a">84(4)</subfield>
    <subfield code="b">&#x421;.88</subfield>
  </datafield>
  <datafield tag="100" ind1=" " ind2=" ">
    <subfield code="a">&#x410;&#x43D;&#x43D;&#x430; &#x421;&#x44C;&#x44E;&#x44D;&#x43B;&#x43B;</subfield>
  </datafield>
  <datafield tag="245" ind1=" " ind2="0">
    <subfield code="a">&#x425;&#x438;&#x43B;&#x44D;&#x43D; &#x445;&#x430;&#x440;</subfield>
  </datafield>
  <datafield tag="264" ind1=" " ind2=" ">
    <subfield code="a">&#x423;&#x43B;&#x430;&#x430;&#x43D;&#x431;&#x430;&#x430;&#x442;&#x430;&#x440;</subfield>
    <subfield code="b">&#x410;&#x434;&#x43C;&#x43E;&#x43D; &#x43F;&#x440;&#x438;&#x43D;&#x442; &#x425;&#x425;&#x41A;</subfield>
    <subfield code="c">2015</subfield>
  </datafield>
  <datafield tag="300" ind1=" " ind2=" ">
    <subfield code="a">335&#x445;.</subfield>
  </datafield>
  <datafield tag="336" ind1=" " ind2=" ">
    <subfield code="2">rdacontent</subfield>
    <subfield code="a">text</subfield>
    <subfield code="b">txt</subfield>
  </datafield>
  <datafield tag="337" ind1=" " ind2=" ">
    <subfield code="2">rdamedia</subfield>
    <subfield code="a">unmediated</subfield>
    <subfield code="b">n</subfield>
  </datafield>
  <datafield tag="338" ind1=" " ind2=" ">
    <subfield code="2">rdacarrier</subfield>
    <subfield code="a">volume</subfield>
    <subfield code="b">nc</subfield>
  </datafield>
  <datafield tag="650" ind1=" " ind2=" ">
    <subfield code="a">&#x417;&#x43E;&#x445;&#x438;&#x43E;&#x433;&#x447; &#x410;&#x43D;&#x43D;&#x430; &#x421;&#x44C;&#x44E;&#x44D;&#x43B;&#x43B; 12 &#x43D;&#x430;&#x441;&#x442;&#x430;&#x439;&#x433;&#x430;&#x430;&#x441;&#x430;&#x430; &#x430;&#x436;&#x438;&#x43B;&#x447;&#x434;&#x44B;&#x43D; &#x445;&#x4AF;&#x4AF;&#x445;&#x434;&#x4AF;&#x4AF;&#x434;&#x44D;&#x434; &#x43D;&#x43E;&#x43C; &#x443;&#x43D;&#x448;&#x438;&#x436; &#x4E9;&#x433;&#x434;&#x4E9;&#x433; &#x431;&#x430;&#x439;&#x436;&#x44D;&#x44D;. &#x422;&#x44D;&#x440;&#x44D;&#x44D;&#x440; "&#x425;&#x438;&#x43B;&#x44D;&#x43D; &#x445;&#x430;&#x440;" &#x437;&#x43E;&#x445;&#x438;&#x43E;&#x43B;&#x43E;&#x43E; &#x434;&#x43E;&#x43B;&#x43E;&#x43E;&#x43D; &#x436;&#x438;&#x43B;&#x438;&#x439;&#x43D; &#x442;&#x443;&#x440;&#x448; &#x431;...</subfield>
  </datafield>
  <datafield tag="942" ind1=" " ind2=" ">
    <subfield code="2">NNA</subfield>
    <subfield code="c">BK</subfield>
  </datafield>
  <datafield tag="952" ind1=" " ind2=" ">
    <subfield code="0">0</subfield>
    <subfield code="1">0</subfield>
    <subfield code="4">0</subfield>
    <subfield code="6">844_NNA</subfield>
    <subfield code="7">0</subfield>
    <subfield code="8">GA0184</subfield>
    <subfield code="a">GA0182080</subfield>
    <subfield code="b">GA0182080</subfield>
    <subfield code="c">GA0184</subfield>
    <subfield code="d">2024-06-30</subfield>
    <subfield code="g">12900.00</subfield>
    <subfield code="l">0</subfield>
    <subfield code="o">84(4)  NNA</subfield>
    <subfield code="p">GA01821163-3-1</subfield>
    <subfield code="r">2024-06-30</subfield>
    <subfield code="t">55015</subfield>
    <subfield code="y">BK</subfield>
  </datafield>
  <datafield tag="999" ind1=" " ind2=" ">
    <subfield code="c">1042839</subfield>
    <subfield code="d">1042896</subfield>
  </datafield>
</record>
